RICS influence, advocacy and thought leadership across the UK (Record no. 121726)

MARC details
000 -LEADER
fixed length control field 01041nam a22001937a 4500
008 - FIXED-LENGTH DATA ELEMENTS--GENERAL INFORMATION
fixed length control field 231206s2023 xxk|||||o|||| 00| 0 eng d
041 ## - LANGUAGE CODE
Language code of text/sound track or separate title eng
110 ## - MAIN ENTRY--CORPORATE NAME
Corporate author Royal Institution of Chartered Surveyors
245 ## - TITLE STATEMENT
Title RICS influence, advocacy and thought leadership across the UK
Subtitle Impact Report 2023
Medium [Electronic resource]
260 ## - PUBLICATION INFORMATION
Place of publication London,
Publisher Royal Institution of Chartered Surveyors,
Date December 2023
300 ## - PHYSICAL DESCRIPTION
Physical description 55p
490 ## - SERIES TITLE
Series statement RICS Impact Report
520 ## - ABSTRACT
Abstract Throughout 2023, meetings have taken place with influential stakeholders, with RICS capitalising on its power as a convener to bring members together with policy decision makers, client organisations and wider built environment professions. This impact report is a summary of the highlights of 2023.
651 ## - SUBJECT ADDED ENTRY--GEOGRAPHIC NAME
Geographic name United Kingdom
690 ## - BROAD SUBJECT
9 (RLIN) 6277
Broad subject RICS
710 ## - ADDED CORPORATE NAME
Added corporate author Royal Institution of Chartered Surveyors
856 ## - ONLINE RESOURCE
Uniform Resource Identifier <a href="https://www.rics.org/content/dam/ricsglobal/documents/reports/rics-uk-influence-impact-report-2023.pdf">https://www.rics.org/content/dam/ricsglobal/documents/reports/rics-uk-influence-impact-report-2023.pdf</a>
Public note Available free on RICS.org
942 ## - ADDED ENTRY ELEMENTS (KOHA)
Suppress in OPAC Do not suppress in OPAC
Holdings
Lost status Damaged status Not for loan Current library Shelving location Date acquired Total Checkouts Full call number Date last seen Price effective from Koha item type
      Virtual Online 06/12/2023   ONLINE PUBLICATION 06/12/2023 06/12/2023 Online material